000
00243nam a2200097Ia 4500
001
644413
005
20250826153604.0
008
250824s9999 xx 000 0 und d
245
0
_a
YÜZÜMDE KIRLANGIÇ GÖLGESİ
_c
MEHMET ATİLLA
260
_b
TUDEM
999
_c
644413
_d
644413